[Event "Nordic-ch"]
[Site "Aarhus"]
[Date "2003.09.13"]
[Round "7"]
[White "Lehtinen, Heikki"]
[Black "Gausel, Einar"]
[Result "1-0"]
[WhiteElo "2362"]
[BlackElo "2533"]
[Annotator "Ribli,Z"]
[PlyCount "79"]
[EventDate "2003.09.06"]
[EventType "tourn"]
[EventRounds "11"]
[EventCountry "DEN"]
[EventCategory "10"]
[SourceTitle "CBM 098"]
[Source "ChessBase"]
[SourceDate "2004.02.03"]
[SourceVersion "1"]
[SourceVersionDate "2004.02.03"]
[SourceQuality "1"]

1. c4 e6 2. g3 d5 3. Bg2 Nf6 4. Nf3 c6 5. b3 Nbd7 (5... a5 $5) 6. O-O b6 7. Qc2
Bb7 8. d4 Rc8 9. Rd1 {Das ist eine gute Spielweise für Weiß - es ist richtig,
dass er schon 5.b3 gespielt hat, aber die Entwicklung des Läufers mit Bb2 kann
warten, weil Weiß in vielen Varianten den Läufer auf der Diagonale c1-h6 ins
Spiel bringen kann.} Be7 10. Nc3 c5 $6 {[%mdl 16384] Meiner Meinung nach ist
dieser Zug ein prinzipieller Fehler - es wäre viel besser die Entwicklung mit
10...0-0 zu beenden - mit Übergang zur Katalanische Verteidigung Geschlossene
Variante.} (10... O-O 11. e4 {-> E08}) 11. cxd5 Nxd5 (11... exd5 12. Bb2 $14)
12. Nxd5 Bxd5 (12... exd5 13. Bb2 $14) 13. e4 cxd4 (13... Bb7 14. d5 $14) 14.
Qe2 Bb7 15. Nxd4 O-O 16. Bb2 $14 {[%csl Rd8][%cal Gd1d8] Die Bauernstellung
ist symmetrisch, aber Weiß hat einen Eröffnungsvorteil. Die Opposition der
d8-Dame und des Turms auf d1 ist unangenehm für Schwarz und Weiß hat
zusätzlich noch ein aktives Figurenspiel.} Qe8 (16... Qc7 $2 17. Nb5 $18) 17.
Nb5 Rc5 $6 {Mit diesem Zug möchte Schwarz im Trüben fischen, aber einen
wirklich guten Zug kann ich nicht sehen.} (17... a6 18. Nd6 Bxd6 19. Rxd6 $16 {
[%csl Gb2,Gg2][%cal Ga1d1,Gd1d8]}) 18. b4 {[%csl Rc5]} Rg5 19. h4 (19. Nd6 Bxd6
20. Rxd6 $16) 19... Rg6 20. h5 Rh6 {[%csl Rh6] Schwarz hat nichts besseres,
aber der Turm auf h6 steht katastrophal schlecht.} (20... Rg5 21. Bc1 $18) 21.
Nd6 (21. Bc1 Rf6 22. Bg5 (22. e5 Bxg2 23. exf6 Bxf6 24. Bb2 Bxb2 25. Qxb2 Bf3
$14) 22... Bxb4 23. Bxf6 Nxf6 24. e5 Nd5 25. h6 g6 26. Nc7 Nxc7 27. Bxb7 $16)
21... Bxd6 22. Rxd6 $16 {[%csl Gb2,Gg2][%mdl 2048] Weiß hat das Läuferpaar und
ein aktives Figurenspiel, im Gegensatz zu Schwarz, der große Probleme mit
seiner Figurenkoordination hat.} e5 (22... Nf6 23. Bxf6 gxf6 (23... Rxf6 24. e5
$18) 24. Qg4+ Kh8 25. Qf4 Rxh5 (25... Kg7 26. e5 $18) 26. Qxf6+ Kg8 27. Rad1
$18) 23. Rxh6 gxh6 {[%csl Rh6]} 24. Qg4+ (24. Rc1 $18) 24... Kh8 25. Rd1 Bc8
26. Bh3 {[%csl Rc8,Rd7,Gh3][%cal Rh3c8] Der katalanische Läufer kommt durch h3
ins Spiel.} f6 (26... f5 27. Qf4 $18 (27. exf5 $18)) 27. Rc1 {Weiß hat viel
Zeit - er muss nicht eilen, weil Schwarz praktisch nichts machen kann.} (27.
Rxd7 Qxd7 (27... Rf7 28. Rd8 Qxd8 29. Qxc8 Qxc8 30. Bxc8 Rc7 31. Be6 Rc2 32.
Ba3 $18) 28. Qxd7 Bxd7 29. Bxd7 Rd8 30. Be6 Rd2 31. Ba3 Rd3 32. Bb3 $18) 27...
Qe7 28. Qe2 (28. Rxc8 $2 Rxc8 29. Qxd7 Qxd7 30. Bxd7 Rc2 $19 {[%csl Rb2]}) (28.
Rc7 $16) 28... Qxb4 29. Rc7 $1 {[%csl Rc8,Rd7] Schwarz hat einen Bauern mehr,
aber das hat keine Bedeutung, weil seine Figuren schrecklich schlecht stehen.}
(29. Rxc8 Rxc8 30. Bxd7 $16) 29... Rd8 (29... Qe7 30. Qc2 Qd8 31. Ba3 Re8 32.
Qc6 $18) 30. Bf5 Qf8 31. Qc4 {[%csl Gb2,Gc4,Gc7,Rc8,Rd7,Rd8,Gf5,Rf8] Alle
schwarze Figuren sind gefesselt.} b5 32. Qxb5 Qe7 33. Qb3 Qe8 34. Qa4 a6 35.
Rxc8 $18 {Mit diesem Zug gewinnt Weiß die Figur.} Rxc8 36. Bxd7 {[%cal Rd7e8,
Rd7c8]} Qd8 37. Bxc8 Qxc8 38. Qd1 Qb7 39. Qe2 Kg7 40. a3 1-0

[Event "Dortmund-B"]
[Site "Dortmund"]
[Date "1991.??.??"]
[Round "1"]
[White "Stangl, Markus"]
[Black "Romanishin, Oleg M"]
[Result "1/2-1/2"]
[WhiteElo "2480"]
[BlackElo "2610"]
[Annotator "Ribli,Z"]
[PlyCount "73"]
[EventDate "1991.03.23"]
[EventType "tourn"]
[EventRounds "9"]
[EventCountry "GER"]
[EventCategory "10"]
[SourceTitle "CBM 023"]
[Source "ChessBase"]
[SourceDate "1991.08.01"]
[SourceVersion "1"]
[SourceVersionDate "1991.08.01"]
[SourceQuality "1"]

1. Nf3 Nf6 2. c4 e6 3. g3 a6 4. Bg2 b5 5. b3 c5 (5... Bb7 $6 6. Nc3 $1) 6. Nc3
(6. O-O Bb7 7. Nc3 Qa5 8. Bb2 Be7 9. d3 O-O 10. Qd2 Qb6 11. e4 d6 $10 {
Damljanovic,B-Romanishin,O Vrsac 1989 CBM/15}) 6... Qa5 7. Ne5 Ra7 8. cxb5 axb5
9. a4 Bb7 $1 10. O-O Bxg2 11. Kxg2 d6 12. Nf3 Rb7 13. Qc2 Be7 14. Bb2 bxa4 15.
bxa4 O-O 16. Nb5 d5 17. Ne5 Qa6 18. Rfb1 Nbd7 $10 19. d3 Rc8 20. Bc3 Nxe5 21.
Bxe5 Nd7 22. Bf4 e5 23. Bd2 c4 24. d4 exd4 25. Nxd4 Bf6 26. Be3 Nc5 27. Ra2
Rxb1 28. Qxb1 Ne6 29. Nxe6 Qxe6 30. a5 d4 31. Bc1 Qa6 32. Qb6 $1 Qa8+ 33. f3
Rb8 34. Qc7 Rc8 35. Qb6 Rb8 36. Qc7 Rc8 37. Qb6 1/2-1/2

[Event "EU-ch 6th"]
[Site "Warsaw"]
[Date "2005.06.21"]
[Round "4"]
[White "Guseinov, Elmir"]
[Black "Zelcic, Robert"]
[Result "1-0"]
[WhiteElo "2391"]
[BlackElo "2514"]
[Annotator "Ribli,Z"]
[PlyCount "65"]
[EventDate "2005.06.18"]
[EventType "swiss"]
[EventRounds "13"]
[EventCountry "POL"]
[SourceTitle "CBM 108"]
[Source "ChessBase"]
[SourceDate "2005.09.26"]
[SourceVersion "1"]
[SourceVersionDate "2005.09.26"]
[SourceQuality "1"]

1. Nf3 Nf6 2. c4 e6 3. b3 d5 4. Bb2 Be7 5. e3 {Dieser Zug ist nicht besonders
ambitioniert; die Alternative 5.g3 bietet Weiß mehr Aussicht auf
Eröffnungsvorteil.} O-O 6. Be2 c5 {Mit Schwarz spielte Guseinov in dieser
Stellung die Fortsetzung 6...b6, die ebenfalls gut spielbar ist.} (6... b6 7.
O-O Bb7 8. Nc3 c5 9. d4 Nc6 10. dxc5 bxc5 11. cxd5 exd5 12. Na4 Nb4 13. a3 Na6
14. Rc1 Rc8 15. Re1 Ne4 16. Bd3 Nc7 17. Qe2 Ne6 18. Red1 {1-0 Musaev,
E-Guseinov,V/Baku 2004/EXT 2005 (56)}) 7. O-O Nc6 8. d4 dxc4 {Schwarz möchte
die Stellung vereinfachen. Mit der beachtenswerten Alternative 8...b6!?
bekommen wir eine Stellung, die für die e3-Variante der Damenindische
Verteidigung typisch ist.} (8... b6 $5 9. Ne5 Bb7) 9. bxc4 b6 10. Ne5 (10. Nc3
Ba6 11. Qa4 Na5 12. Rfd1 cxd4 13. Rxd4 Qe8 14. Nb5 Bb7 15. c5 Bxc5 16. Rh4 $40
{1-0 Jurkovic,H-Pandurevic,M/Opatija CRO 2003/(20)}) 10... Nxe5 $6 {Mit diesem
Zug verschafft Schwarz dem Gegner dauerhaft Raumvorteil; hingegen würde er mit
10...Bb7 bequemes Spiel erlangen.} (10... Bb7 $142 $11) 11. dxe5 Nd7 12. Nd2
Qc7 13. f4 $14 {[%csl Ge5] Die weiße Bauernstruktur im Zentrum steht sehr gut.
Schwarz verfügt ebenfalls über eine feste Stellung, aber er kann nicht aktiv
spielen, da der Gegner die Initiative am Königsflügel hat.} Bb7 14. Bf3 Rfd8 (
14... f5 15. e4 $14) 15. Qc2 Bxf3 16. Rxf3 {[%csl Gf3][%cal Gf3h3]} Nf8 17. Nf1
(17. Ne4 Ng6) 17... Ng6 18. e4 Rd7 19. Bc3 {Weiß kontrolliert alle möglichen
Eindringungsfelder auf der d-Linie.} Rad8 20. a4 (20. Ng3 $36) 20... Bf8 {
[%cal Gg6e7,Ge7c6,Gc6d4] Der schwarze Läufer macht das Feld e7 für das
Springermanöver Ne7-Nc6-Nd4 frei.} (20... f6 21. exf6 Bxf6 22. e5 $14) 21. Ng3
Ne7 {[%csl Yd4][%cal Ge7c6,Gc6d4] Schwarz strebt auf das Feld e4. Der Nachteil
des Springermanövers besteht in der Reduzierung der Verteidigungsfiguren am
Königsflügel.} (21... Nh4 22. Re3 Ng6 23. Rf1 $36) 22. Nh5 {[%csl Gh5]} Nc6 23.
Rg3 Nd4 24. Qd1 {[%cal Gd1g4,Gg4g8] Die weiße Dame zieht zum schwarzen
Königsflügel. Es droht jetzt 25.Nf6+ und 25.Nxg7 oder einfach 25.Qg4.} Kh8 25.
Qg4 g6 26. Nf6 Bg7 27. Re1 $1 {[%mdl 128] Weiß spielt auf direkten Angriff und
verteidigt sich gegen das Motiv 27...Bxf6 28.exf6 Qxf4 und 29...Ne2+.} (27.
Nxd7 $16) (27. Rh3 Bxf6 28. exf6 Qxf4 $1 29. Qxf4 Ne2+ $19) 27... Nc2 (27...
Bxf6 28. exf6 Nc2 29. Rh3 {Mit Zugumstellung ist die Partiefortsetzung
erreicht.}) 28. Rh3 Bxf6 (28... h6 29. Qg5 $18) 29. exf6 Nxe1 $2 (29... Qd6
$142 30. Qh4 h5 31. Rf1 $36 (31. Qg5 Qf8)) 30. Rxh7+ $1 $18 {[%mdl 64] Nach
diesem Zug gewinnt Weiß die Partie.} Kxh7 (30... Kg8 31. Qh4 $18) 31. Qh4+ Kg8
32. Qh6 {[%csl Rg8][%cal Rh6g7,Rg7g8]} Nf3+ 33. gxf3 (33. gxf3 Rd1+ 34. Kg2
R8d2+ 35. Bxd2 Rxd2+ 36. Kg3 $18) 1-0

[Event "St Petersburg zt"]
[Site "St Petersburg"]
[Date "1993.??.??"]
[Round "2"]
[White "Kiselev, Sergey"]
[Black "Sveshnikov, Evgeny"]
[Result "0-1"]
[WhiteElo "2510"]
[BlackElo "2555"]
[Annotator "Ribli,Z"]
[PlyCount "140"]
[EventDate "1993.01.??"]
[EventType "swiss"]
[EventRounds "9"]
[EventCountry "RUS"]
[SourceTitle "CBM 034"]
[Source "ChessBase"]
[SourceDate "1993.06.01"]
[SourceVersion "1"]
[SourceVersionDate "1993.06.01"]
[SourceQuality "1"]

1. c4 e6 2. g3 d5 3. Bg2 Nf6 4. Nf3 dxc4 5. Qa4+ Nbd7 6. Qxc4 a6 7. Qb3 (7. Qc2
c5 8. d3 b6 9. O-O Bb7 $10 {Makarov,M-Sveshnikov,E URS-ch58 1991 CBM/21}) 7...
Bd6 $5 (7... c5 8. d3 Qc7 9. a4 b6 10. Na3 Bb7 11. Nc4 Be7 12. Bf4 $14 {
Stangl,M-Anand,V Oakham 1990 EXP/16}) 8. d3 (8. O-O O-O 9. a4 Qe7 10. Nc3 h6
11. d4 c5 12. e3 Rb8 13. a5 b5 14. axb6 Rxb6 15. Qc2 Bb7 $10 {Stangl,M-Boensch,
U Altensteig 1991 CBM/25}) 8... O-O 9. O-O e5 10. Nbd2 (10. Nc3 $5) 10... Nc5
11. Qc2 Bg4 12. Nc4 Ne6 13. Be3 (13. Ncxe5 $6 Bxe5 14. Nxe5 Nd4 15. Qd2 Nxe2+
16. Kh1 Nxc1 17. Raxc1 c6 $10) 13... Bxf3 14. Bxf3 c6 15. Qb3 (15. b4 Nd4 16.
Bxd4 exd4 17. Rab1 $13) 15... Rb8 16. Rfc1 Nd4 17. Bxd4 exd4 18. Nxd6 Qxd6 19.
Rc4 Nd7 $1 20. Rc2 Rfe8 21. a4 a5 $1 22. Qa3 c5 23. Qb3 b6 24. Qd5 Qe7 25. Ra3
Nf6 26. Qc4 Qd6 27. Rb3 g5 $1 $15 28. Qa6 Re6 29. Rb5 g4 30. Bg2 Rbe8 $17 31.
b4 $1 axb4 (31... Rxe2 $2 32. Rxe2 Rxe2 33. bxc5 $13) 32. a5 bxa5 33. Qxa5 Nd7
34. Rb7 Kg7 35. Be4 Re5 36. f4 R5e7 37. Qb5 Qe6 38. Kf1 h6 39. Qc6 (39. Bc6 Qb3
40. Bxd7 Qxc2 41. Bxe8 Qxe2+ $19) 39... Qxc6 40. Bxc6 Nb8 $1 41. Rxe7 (41. Rxc5
$2 Nxc6 42. Rxe7 Nxe7 $19) 41... Rxe7 42. Bd5 (42. Rxc5 Rc7 $19) 42... Rc7 43.
Ra2 Nc6 44. Ra6 Ne7 45. Be4 f5 46. Bg2 h5 47. Kf2 h4 $1 48. Ke1 h3 49. Bh1 c4
$1 50. dxc4 Rxc4 51. Kd1 b3 52. Rb6 Ra4 $1 53. Kd2 Ra1 54. Bb7 Rb1 55. Rb4 b2
56. Kc2 Rf1 $1 (56... Re1 57. Ba6) 57. Rxb2 Rf2 58. Kd3 Rxh2 59. Kxd4 Rf2 60.
Ke5 Kf7 61. Ba6 h2 62. Rb1 Rg2 63. Rh1 Kg6 64. Kd4 Ng8 $1 65. e4 fxe4 66. Kxe4
Nf6+ 67. Kd4 Nh5 68. Bb7 Rb2 69. Be4+ Kf6 70. Ra1 Rb4+ (70... Rb4+ 71. Kd3 Rxe4
72. Kxe4 h1=Q+ 73. Rxh1 Nxg3+ 74. Ke3 Nxh1 $19) 0-1

[Event "Ubeda"]
[Site "Ubeda"]
[Date "1997.02.07"]
[Round "1"]
[White "Akopian, Vladimir Eduardovic"]
[Black "Almasi, Zoltan"]
[Result "1-0"]
[WhiteElo "2655"]
[BlackElo "2595"]
[Annotator "Ribli,Z"]
[PlyCount "87"]
[EventDate "1997.02.07"]
[EventType "tourn"]
[EventRounds "11"]
[EventCountry "ESP"]
[EventCategory "16"]
[SourceTitle "CBM 058"]
[Source "ChessBase"]
[SourceDate "1997.06.01"]
[SourceVersion "1"]
[SourceVersionDate "1997.06.01"]
[SourceQuality "1"]

1. Nf3 Nf6 2. c4 e6 3. g3 d5 4. Bg2 dxc4 5. Qa4+ Nbd7 (5... c6 $5 6. Qxc4 b5 7.
Qc2 Bb7 8. O-O Nbd7 $5 (8... Be7) (8... Qb6 9. d3 c5 10. a4 (10. Bg5 $5 Nbd7
11. Rc1 Be7 12. a4 a6 13. axb5 axb5 14. Rxa8+ Bxa8 15. Ne5 Nxe5 16. Bxa8 Nfg4
$36) 10... a6 11. Bf4 $5 (11. axb5 axb5 12. Rxa8 Bxa8 13. Na3 Nc6 14. Qb3 Nb4
$13 {Sher,M-Novgorodsky,V/RUS-Cup1/1966/}))) 6. Qxc4 c5 7. d3 Bd6 (7... Rb8 8.
Bf4 b5 9. Qc2 Rb6 10. Nc3 $14 {Palatkovo,E-Gizynska,B/Prague Bohemians/1990/})
8. a4 {Mit diesem Zug gewinnt Weiss Raum am Damenflügel und verhindert
eventuelles b7-b5.Ribli.} O-O {Wenn Weiss noch nicht rochiert und stattdessen
erst mal am Damenfluegel spielt, wäre es auch für Schwarz logisch seine
Rochade zu verschieben und eine gute Verteidigungsstellung am Damenfluegel
aufzubauen.Ribli.} (8... Rb8 9. Nc3 a6 10. a5 $14 {[%csl Rb6] Nogueiras,
J-Estrada,J/Mexico op/1991/}) 9. Qb3 Rb8 10. Na3 Bc7 (10... a6 11. Nc4 Bc7 12.
a5 $14) (10... b6 $2 11. Nb5 $16) 11. Nb5 Ba5+ 12. Bd2 $5 a6 (12... Bxd2+ 13.
Nxd2 a6 14. Na7 $14 (14. Nd6 $14)) {[#]} 13. Na7 {Es ist nicht gerade typisch,
daß Weiss im 13.Zug Na7 spielt. Nach diesem guten, aber zweischneidigen Zug
koennen wir einen grossen taktischen Kampf sehen, wo die weißen Chancen sind
besser.Ribli.} c4 $5 {Schwarz opfert einen Bauenr fuer aktives Figurenspiel
und er gewinnt vorübergehend eine Figur.Ribli.} (13... Bxd2+ 14. Nxd2 Qc7 15.
O-O (15. a5 $5) 15... b6 16. Nxc8 Rfxc8 17. Rfc1 $14) 14. Qxc4 (14. dxc4 $6 Ne5
(14... Nc5 $5 15. Qc2 Bxd2+ 16. Nxd2 Qb6 17. Nxc8 Rbxc8 $44 {Und Schwarz
kontrolliert die wichtigen dunkelfarbigen Feldern.Ribli.}) (14... Ne4 $5 15.
Bxa5 Qxa5+ 16. Kf1 Ndc5 17. Qe3 Bd7 $17 {[%csl Ra7]}) 15. Qc2 $13) 14... Bxd2+
15. Nxd2 Nb6 16. Qc5 Bd7 (16... Nfd7 17. Qd6 $16) 17. a5 $1 Na4 $6 (17... Nbd5
18. e4 Qe7 19. Rc1 Qxc5 20. Rxc5 Nb4 21. Ke2 Ra8 22. Rc4 Nxd3 23. Kxd3 Rxa7 24.
e5 Rd8 25. Ke3 $14 (25. exf6 Bb5+ $2 (25... Bc6+ 26. Rd4 Rxd4+ 27. Kxd4 Bxg2
$11) 26. Kc3 Rxd2 $4 (26... Bxc4 27. Nxc4 gxf6 28. Nb6 $18) 27. Rc8+ $18)) 18.
Qb4 Qc7 19. O-O b5 20. Nc6 $1 {Ein schoener Zug, wonach Weiss klaren
Positionsvorteil hat.Ribli.} (20. axb6 $2 Rxb6 $17) 20... Bxc6 21. Rfc1 Nd5 22.
Bxd5 exd5 23. Nf3 Rfc8 (23... Qd7 24. Ne5 $16) (23... Qb7 24. Nd4 {Mit
spaterem b2-b3,wie in der Partie.Ribli.}) 24. Nd4 Qd7 25. b3 {[%cal Rb3a4]
Damit ist klar, daß Weiss die Figur mit deutlisch besseren Aussichten zurück
gewinnt. Der schwarze Läufer ist hinter seinem d5-Bauern begraben.Ribli.} Nb2
$5 (25... Nb6 $2 26. axb6 Rxb6 27. Rc5 {Und Weiss kommt mit Rac1, zu deutlich
positionellem Uebergewicht.Ribli.}) 26. Rab1 Nc4 27. bxc4 dxc4 28. Nxc6 Rxc6
29. Rxc4 $1 bxc4 (29... Rxc4 30. dxc4 Qe6 31. Rb2 Rc8 32. c5 $16 (32. cxb5 $5)
32... Qd5 33. Rd2 Qxc5 $4 34. Qxc5 Rxc5 35. Rd8#) 30. Qxb8+ Rc8 31. dxc4 {
Weiss hat zwei Bauern mehr, und auf Grossmeisterniveau eine Gewinnstellung.
Aber er hat noch kleine technische Problemen, weil ein Mehrbauer am
Koenigsfluegel schwer zu realisieren ist und der andere auf c4 könnte auch
schwach werden.Ribli.} g6 32. Qf4 Qe6 33. Rb8 Rxb8 34. Qxb8+ Kg7 35. Qb2+ Kg8
36. Qb8+ {Vielleicht wegen Zeitnot wiederholt Weiss die Zuege.Ribli.} Kg7 37.
Qb2+ Kg8 38. c5 Qc4 39. Qb8+ Kg7 40. Qe5+ Kg8 41. Qe8+ Kg7 42. c6 $18 {Schwarz
kann die Bauernwandlung nicht verhindern,und es gibt keine Dauerschach.Ribli.}
Qc3 43. Qe4 {Am einfachsten!Droht 44.Qd5 mit Zentralisation.Ribli.} Qxa5 44.
Qc4 {Und Schwarz muss aufgeben. Nach 44...Qc7 kommt 45.Qxa6 mit der
entscheidenden Drohung 45.Qb7.Ribli.} 1-0

[Event "Clarin GP final"]
[Site "Villa Gesell"]
[Date "1997.03.10"]
[Round "7"]
[White "Ricardi, Pablo"]
[Black "Rosito, Jorge"]
[Result "1-0"]
[WhiteElo "2575"]
[BlackElo "2460"]
[Annotator "Ribli,Z"]
[PlyCount "80"]
[EventDate "1997.03.02"]
[EventType "tourn"]
[EventRounds "11"]
[EventCountry "ARG"]
[EventCategory "11"]
[SourceTitle "CBM 058"]
[Source "ChessBase"]
[SourceDate "1997.06.01"]
[SourceVersion "1"]
[SourceVersionDate "1997.06.01"]
[SourceQuality "1"]

1. Nf3 Nf6 2. c4 e6 3. g3 a6 4. Bg2 b5 5. b3 Bb7 $6 (5... c5 6. O-O Bb7 {
siehe die Partie}) 6. O-O (6. Nc3 $1 $14 {[%csl Rb5]} b4 7. Na4 Be7 8. O-O O-O
9. d4 d6 $14 {Permjakov,V-Krivonosov,O/LAT-ch/1994/}) 6... c5 7. Nc3 Qb6 8. a4
$5 {Ein direkter Versuch. Nach diesem agressiven Zug kommt es zu großen
Komplikationen.Ribli.} (8. e3 Be7 9. Qe2 Ne4 $6 (9... O-O $5) 10. Nxe4 Bxe4 11.
Bb2 $14) (8. Bb2 Be7 9. d4 $1 cxd4 10. Qxd4 Qxd4 11. Nxd4 Bxg2 12. Kxg2 bxc4
13. bxc4 d6 14. Na4 Nbd7 15. Rfd1 Rc8 16. Rac1 O-O 17. Nb3 $14 {[%csl Rd6]
Andersson,U-Kengis,E/Erevan Olm/1996/}) 8... b4 (8... bxc4 9. bxc4 $6 (9. a5 $5
Qb4 (9... Qxb3 10. Qe1 {[%csl Rb3]} Qc2 (10... Bxf3 11. Bxf3 d5 12. Rb1 Qc2 13.
Rb2 (13. d3 cxd3 14. Rb2 d2 $1) (13. e4 $5 dxe4 (13... Qd3 14. Kg2 (14. Be2 $5
Qd4 15. Bb2 $44 {Und Weiß hat verschiedene Drohungen, weil Schwarz Probleme
mit seiner Entwicklung hat.Ribli.}) 14... d4 $2 (14... dxe4 15. Nxe4 (15. Be2
Qd7) 15... Qxb1 16. Nxf6+ gxf6 17. Bxa8 $13) 15. Be2 $18) 14. Nxe4 (14. Be2 Nc6
(14... e3 $8 15. fxe3 $36) 15. Rb2 $18) 14... Qxb1 15. Nxf6+ gxf6 16. Bxa8 $44)
13... Qg6 (13... Qf5 $13) 14. e4 $36) 11. Ra2 $1 Qf5 (11... Qg6 12. Nh4 $18) (
11... Qb3 12. Rb2 $18) 12. Nh4 $18) 10. bxc4 Qxc4 $4 11. Ra4 $18) 9... Nc6 {
[%cal Yc6b4] Mit folgendem Nb4 besitzt Schwarz einen guten Stützpunkt für
seinen Springer.Ribli.}) 9. a5 Qc7 10. Na4 Qxa5 $6 {Meiner Meinung nach ist es
zu riskant, diesen vergifteten Bauern zu nehmen.Ribli.} (10... Nc6 $5) (10...
d6 11. Nb6 (11. d4) 11... Ra7) 11. d4 cxd4 $8 (11... d6 12. Bf4 $44 (12. Nxc5
$5 Qxa1 13. Nxb7 $44 Qb1 $13)) (11... Qc7 12. Bf4 $44 {[%cal Rf4c7,Ra4b6,Ra4c5]
}) 12. Bf4 $44 d6 (12... Bxf3 13. Bxf3 Nc6 14. Bxc6 dxc6 15. Qxd4 Rd8 16. Qb6
$36 {Und trotz seines Minusbauern hat Weiß bessere Aussichten, es ist
bemerkenswert, wie schwach die schwarzen Bauern am Damenflügel sind.Ribli.} (
16. Qa7 $5 $44)) (12... Qd8 13. Qxd4 Nc6 14. Qb6 (14. Qe3 $5 Ng4 15. Qb6 Qxb6
16. Nxb6 Ra7 17. Rad1 $44 (17. h3 $44)) 14... Qxb6 15. Nxb6 Ra7 16. Rfd1 $44)
13. Qxd4 Nc6 14. Qe3 Ng4 (14... Rd8 15. Nb6 Qc5 (15... Qh5 16. Nd5 Nxd5 17.
cxd5 Qxd5 18. Nd4 $18) 16. Qxc5 dxc5 17. Bc7 $16) 15. Qd2 Rd8 (15... Qc7 16.
Nc5 $44 {[%cal Rc5b7,Yg2b7]}) 16. h3 Nf6 17. Qe3 Be7 (17... Qc7) 18. Nb6 Qh5 (
18... Qc5 19. Qxc5 dxc5 20. Bc7 $16) 19. g4 $16 Nxg4 (19... Qg6 20. Nh4 Qc2 21.
Rfc1 Qb2 22. Na4 $18) 20. hxg4 Qxg4 {Schwarz hat theoretisches Gleichgewicht,
da er drei Bauern für eine Figur besitzt. Aber Weiß verfügt über dauerhafte
Initiative, und Schwarz kann seine Bauern nicht zur Geltung bringen.Ribli.} 21.
Nh2 Qf5 (21... Qh5 22. Qf3 Qc5 (22... Qxf3 23. Nxf3 $16) 23. Be3 $16) 22. Be4
Qf6 23. Bg3 (23. Ng4 Qh4 24. Qg3 Qxg3+ 25. Bxg3 f5 26. Bxc6+ Bxc6 27. Ne3 g5
$132) 23... h5 24. f4 {Weiß beraubt Schwarz des Feldes e5.Ribli.} h4 25. Bf2 g6
26. Nf3 Kf8 27. Rad1 Kg7 28. Nd4 Nxd4 29. Qxd4 e5 (29... Bxe4 30. Qxe4 {
Und Schwarz bekommt große Schwierigkeiten auf der Diagonale a1-h8.Ribli.}) 30.
Qd3 Bxe4 31. Qxe4 Qe6 (31... Qxf4 32. Qxf4 exf4 33. Bd4+ $16) 32. Nd5 {[%csl
Gd5] Schwarz hat viele positionelle Schwächen in seinem Lager.Ribli.} Rh5 (
32... Qg4+ 33. Kh2) 33. Kh2 {Der schwarze h-Bauer verteidigt sehr gut den
weißen König.Ribli.} f5 34. Qe3 Bf6 35. Rg1 Kf7 36. Nxf6 Kxf6 37. fxe5+ Qxe5+
38. Qxe5+ Kxe5 39. Rxg6 $18 {Jetzt hat Schwarz keine Hoffnung mehr, noch
besitzt er zwei Bauern für die Figur, aber beide Bauern sind schwach.Ribli.}
Rd7 40. Rd5+ Kf4 {Schwarz gab auf, denn nach z.B. 41.R5xd6 gewinnt Weiß erneut
Material.Ribli.} 1-0